| 000 | 00000nam##2200000za#4500 |
| 001 | 9.625581 |
| 003 | CaOODSP |
| 005 | 20200421163408 |
| 007 | ta |
| 008 | 150406|2000||||xxc||||| f|0| 0 fre|d |
| 020 | |a0-662-85603-1 |
| 040 | |aCaOODSP|bfre |
| 043 | |an-cn--- |
| 086 | 1 |aNH18-22/100-125F |
| 110 | 2 |aSociété canadienne d'hypothèques et de logement. |
| 245 | 10|aDétérioration des garages de stationnement étagés : |bconsidération sur l'étendue, les causes et la réparation |
| 260 | |aOttawa - Ontario : |bSociété canadienne d'hypothèques et de logement |c2000. |
| 300 | |a3p. ; |c28 cm. |
| 490 | 1 |aLe point en recherche. Série technique|v00-125 |
| 563 | |aDépliant |
| 590 | |a01-09|b2001-03-02 |
| 691 | 07|aRénovation domiciliaire|2gcpds |
| 776 | 0#|tDétérioration des garages de stationnement étagés : |w(CaOODSP)9.607743 |
| 830 | #0|aLe point en recherche. Série technique ;|v00-125|w(CaOODSP)9.513179 |
| 986 | |aLNH 2267 |